<?xml version="1.0" encoding="UTF-8"?><?xml-stylesheet type="text/xsl" href="static/style.xsl"?><OAI-PMH xmlns="http://www.openarchives.org/OAI/2.0/" xmlns:xsi="http://www.w3.org/2001/XMLSchema-instance" xsi:schemaLocation="http://www.openarchives.org/OAI/2.0/ http://www.openarchives.org/OAI/2.0/OAI-PMH.xsd"><responseDate>2026-04-17T11:56:41Z</responseDate><request verb="GetRecord" identifier="oai:www.recercat.cat:11351/11549" metadataPrefix="marc">https://recercat.cat/oai/request</request><GetRecord><record><header><identifier>oai:recercat.cat:11351/11549</identifier><datestamp>2025-10-24T10:16:11Z</datestamp><setSpec>com_2072_378070</setSpec><setSpec>com_2072_378040</setSpec><setSpec>col_2072_378092</setSpec></header><metadata><record xmlns="http://www.loc.gov/MARC21/slim" xmlns:dcterms="http://purl.org/dc/terms/" xmlns:xsi="http://www.w3.org/2001/XMLSchema-instance" xmlns:doc="http://www.lyncode.com/xoai" xsi:schemaLocation="http://www.loc.gov/MARC21/slim http://www.loc.gov/standards/marcxml/schema/MARC21slim.xsd">
   <leader>00925njm 22002777a 4500</leader>
   <datafield ind2=" " ind1=" " tag="042">
      <subfield code="a">dc</subfield>
   </datafield>
   <datafield ind2=" " ind1=" " tag="720">
      <subfield code="a">Becerra Muñoz, Víctor Manuel</subfield>
      <subfield code="e">author</subfield>
   </datafield>
   <datafield ind2=" " ind1=" " tag="720">
      <subfield code="a">Santoro, Francesco</subfield>
      <subfield code="e">author</subfield>
   </datafield>
   <datafield ind2=" " ind1=" " tag="720">
      <subfield code="a">Nuñez Gil, Ivan Javier</subfield>
      <subfield code="e">author</subfield>
   </datafield>
   <datafield ind2=" " ind1=" " tag="720">
      <subfield code="a">Viana-Llamas, María C.</subfield>
      <subfield code="e">author</subfield>
   </datafield>
   <datafield ind2=" " ind1=" " tag="720">
      <subfield code="a">Alfonso, Emilio</subfield>
      <subfield code="e">author</subfield>
   </datafield>
   <datafield ind2=" " ind1=" " tag="720">
      <subfield code="a">Uribarri, Aitor</subfield>
      <subfield code="e">author</subfield>
   </datafield>
   <datafield ind2=" " ind1=" " tag="260">
      <subfield code="c">2024-06-05T06:31:13Z</subfield>
   </datafield>
   <datafield ind2=" " ind1=" " tag="260">
      <subfield code="c">2024-06-05T06:31:13Z</subfield>
   </datafield>
   <datafield ind2=" " ind1=" " tag="260">
      <subfield code="c">2024-06</subfield>
   </datafield>
   <datafield ind2=" " ind1=" " tag="520">
      <subfield code="a">COVID-19; Long-COVID; Prognostic score</subfield>
   </datafield>
   <datafield ind2=" " ind1=" " tag="520">
      <subfield code="a">COVID-19; COVID llarg; Puntuació pronòstica</subfield>
   </datafield>
   <datafield ind2=" " ind1=" " tag="520">
      <subfield code="a">COVID-19; COVID largo; Puntuación pronóstica</subfield>
   </datafield>
   <datafield ind2=" " ind1=" " tag="520">
      <subfield code="a">Background&#xd;
Long-term consequences of COVID-19 are still partly known.&#xd;
Aim of the study&#xd;
To derive a clinical score for risk prediction of long-term major cardiac adverse events (MACE) and all cause death in COVID-19 hospitalized patients.&#xd;
Methods&#xd;
2573 consecutive patients were enrolled in a multicenter, international registry (HOPE-2) from January 2020 to April 2021 and identified as the derivation cohort. Five hundred and twenty-six patients from the Cardio-Covid-Italy registry were considered as external validation cohort. A long-term prognostic risk score for MACE and all cause death was derived from a multivariable regression model.&#xd;
Results&#xd;
Out of 2573 patients enrolled in the HOPE-2 registry, 1481 (58 %) were male, with mean age of 60±16 years. At long-term follow-up, the overall rate of patients affected by MACE and/or all cause death was 7.8 %. After multivariable regression analysis, independent predictors of MACE and all cause death were identified. The HOPE-2 prognostic score was therefore calculated by giving: 1–4 points for age class (&lt;65 years, 65–74, 75–84, ≥85), 3 points for history of cardiovascular disease, 1 point for hypertension, 3 points for increased troponin serum levels at admission and 2 points for acute renal failure during hospitalization. Score accuracy at ROC curve analysis was 0.79 (0.74 at external validation).&#xd;
Stratification into 3 risk groups (&lt;3, 3–6, >6 points) classified patients into low, intermediate and high risk. The observed MACE and all-cause death rates were 1.9 %, 9.4 % and 26.3 % for low- intermediate and high-risk patients, respectively (Log-rank test p &lt; 0.01).&#xd;
Conclusions&#xd;
The HOPE-2 prognostic score may be useful for long-term risk stratification in patients with previous COVID-19 hospitalization. High-risk patients may require a strict follow-up.</subfield>
   </datafield>
   <datafield ind1="8" ind2=" " tag="024">
      <subfield code="a">http://hdl.handle.net/11351/11549</subfield>
   </datafield>
   <datafield tag="653" ind2=" " ind1=" ">
      <subfield code="a">COVID-19 (Malaltia)</subfield>
   </datafield>
   <datafield tag="653" ind2=" " ind1=" ">
      <subfield code="a">Avaluació del risc</subfield>
   </datafield>
   <datafield tag="653" ind2=" " ind1=" ">
      <subfield code="a">Cor - Malalties - Factors de risc</subfield>
   </datafield>
   <datafield tag="653" ind2=" " ind1=" ">
      <subfield code="a">DISEASES::Virus Diseases::RNA Virus Infections::Nidovirales Infections::Coronaviridae Infections::Coronavirus Infections</subfield>
   </datafield>
   <datafield tag="653" ind2=" " ind1=" ">
      <subfield code="a">ANALYTICAL, DIAGNOSTIC AND THERAPEUTIC TECHNIQUES, AND EQUIPMENT::Investigative Techniques::Epidemiologic Methods::Statistics as Topic::Probability::Risk::Risk Assessment</subfield>
   </datafield>
   <datafield tag="653" ind2=" " ind1=" ">
      <subfield code="a">DISEASES::Cardiovascular Diseases</subfield>
   </datafield>
   <datafield tag="653" ind2=" " ind1=" ">
      <subfield code="a">ANALYTICAL, DIAGNOSTIC AND THERAPEUTIC TECHNIQUES, AND EQUIPMENT::Therapeutics::Patient Care::Hospitalization</subfield>
   </datafield>
   <datafield tag="653" ind2=" " ind1=" ">
      <subfield code="a">ENFERMEDADES::virosis::infecciones por virus ARN::infecciones por Nidovirales::infecciones por Coronaviridae::infecciones por Coronavirus</subfield>
   </datafield>
   <datafield tag="653" ind2=" " ind1=" ">
      <subfield code="a">TÉCNICAS Y EQUIPOS ANALÍTICOS, DIAGNÓSTICOS Y TERAPÉUTICOS::técnicas de investigación::métodos epidemiológicos::estadística como asunto::probabilidad::riesgo::evaluación de riesgos</subfield>
   </datafield>
   <datafield tag="653" ind2=" " ind1=" ">
      <subfield code="a">ENFERMEDADES::enfermedades cardiovasculares</subfield>
   </datafield>
   <datafield tag="653" ind2=" " ind1=" ">
      <subfield code="a">TÉCNICAS Y EQUIPOS ANALÍTICOS, DIAGNÓSTICOS Y TERAPÉUTICOS::terapéutica::asistencia al paciente::hospitalización</subfield>
   </datafield>
   <datafield ind2="0" ind1="0" tag="245">
      <subfield code="a">Risk prediction of major cardiac adverse events and all-cause death following covid-19 hospitalization at one year follow-up: The HOPE-2 score</subfield>
   </datafield>
</record></metadata></record></GetRecord></OAI-PMH>